00729cam a2200241 i 45000010005000000030008000050050017000130080039000300200015000690200022000840350018001060400032001240410008001560820022001642450057001862600057002433000027003004900027003275040041003546500041003956500020004367000031004565308BD-RjUL20211208234039.0131224s1975 enk b 000 0 eng a071008045X a0710080468 (pbk.) a(BD-RjUL)5344 aDLCcDLCdDLCdBD-RjULbeng aeng00a361.941bTOW 197500aTowards a new social work /cedited by Howard Jones. aLondon ;aBoston :bRoutledge and Kegan Paul,c1975. aviii, 176 p. ;c23 cm.0 aLibrary of social work aIncludes bibliographical references. 0aSocial servicexVocational guidance. 0aSocial service.1 aJones, Howard,d1918-2007.